| 000 | 00657cam a22002411 4500 | ||
|---|---|---|---|
| 001 | 6964656 | ||
| 005 | 20180315044121.0 | ||
| 008 | 740402s1951 mauf b 000 0 eng | ||
| 010 | _a 51013174 | ||
| 015 | _aGB52-5728 | ||
| 035 | _a(OCoLC)847581 | ||
| 040 |
_aDLC _cMeWC _dOCoLC _dODaWU _dOCoLC _dUk _dDLC |
||
| 041 | _aeng | ||
| 042 | _apremarc | ||
| 080 | _a709.73 BAU | ||
| 082 | _a709.73 BAU | ||
| 100 | 1 | _a44 | |
| 101 | _aART | ||
| 245 | 1 | 0 | _aRevolution and tradition in modern American art. |
| 504 | _aBibliographical references included in "Notes" (p. 157-160) | ||
| 906 |
_a7 _bcbc _coclcrpl _du _encip _f19 _gy-gencatlg |
||
| 942 |
_2ddc _cBK |
||
| 999 |
_c45067 _d45067 |
||